Синдром на поликистозните яйчници (Запис номер 130118)
[ съкратено ]
| 000 -Лидер | |
|---|---|
| Лидер | 01851nam a2200373 a 4500 |
| 003 - Код на организацията, давaща контролен номер | |
| Код на организацията, даваща контролен номер | BLK |
| 005 - Дата и час на последна редакция | |
| Дата и час на последна редакция | 20230728121126.0 |
| 008 - Елементи от данни с фиксирана дължина | |
| Елементи с фиксирана дължина | 180409b bul|||||r ||||||| ||bul|| |
| 020 ## - Международен стандартен номер на книга ISBN | |
| ISBN | 9789549369175 |
| 040 ## - Източник на каталожния запис | |
| Код на библиотеката | BLK |
| 041 ## - Код за език | |
| Език | Български |
| Език за КДБФ | Български |
| 080 ## - УДК | |
| УДК текст | Болести на яйчниците и на фалопиеви (маточните) тръби - Оофорит, овариоектомия, стерилизация, кастрация, салпингит, аднексит, салпингоофорит и др. |
| УДК код | 618.11/.12 |
| УДК – определител | (035) |
| УДК – код + определител | 618.11/.12(035) |
| 080 ## - УДК | |
| УДК текст | Молекулярни основи на живота. Молекулярна биология. Генно инженерство (теория, методи) вж и 573.6 |
| УДК код | 577.2 |
| УДК – определител | (035) |
| УДК – код + определител | 577.2(035) |
| 100 1# - Редна дума - Автор | |
| Автор | Каменов, Здравко Асенов |
| R(LIN) | 295191 |
| 245 10 - Сведения за заглавието | |
| Заглавие | Синдром на поликистозните яйчници |
| Авторска отговорност | Здравко Каменов, Мария Орбецова, Антоанета Гатева. |
| 257 ## - Страна на издаване | |
| Страна на създаване/издаване | България |
| 260 ## - Област на издателските данни | |
| Място на издаване | София |
| Име на издателя | ЗИП |
| Година на издаване | 2010 |
| 300 ## - Физическа характеристика | |
| Брой страници | 260 с. |
| Илюстрации | с ил., табл., сх. |
| Размер | 23 см |
| 380 ## - Жанр | |
| Жанр | Медицина |
| 500 ## - Общи забележки | |
| Обща забележка | Библиогр. след отд. гл. |
| 650 #4 - Допълнително описание по предмет – тема | |
| Предметна рубрика | Яйчници - кисти |
| 9 (RLIN) | 322057 |
| 653 ## - Ключова дума – ненормативна | |
| Ключови думи | гинекология |
| 653 ## - Ключова дума – ненормативна | |
| Ключови думи | яйчници |
| 653 ## - Ключова дума – ненормативна | |
| Ключови думи | кисти |
| 653 ## - Ключова дума – ненормативна | |
| Ключови думи | молекулярна генетика |
| 700 1# - Други автори (авторска отговорност) | |
| Друг автор | Орбецова, Мария Миткова |
| Авт. отговорност на др. автор | съавт. |
| 9 (RLIN) | 322055 |
| 700 ## - Други автори (авторска отговорност) | |
| Друг автор | Гатева, Антоанета Трифонова |
| Авт. отговорност на др. автор | съавт. |
| 9 (RLIN) | 322056 |
| 852 ## - Местоположение | |
| Сигнатура (форматна) | Цб 256983 |
| Отдел | Хранилище |
| 852 ## - Местоположение | |
| Отдел | Заемна - подръчен фонд |
| Систематично-азбучна сигнатура | 618/К 23 З |
| 942 ## - АРТИКУЛИ | |
| Вид на библиотечния документ | Книги |
| Скрит в OPAC | Не |
| 944 ## - СЪЗДАВАНЕ И РЕДАКЦИЯ на ЗАПИСА | |
| Създаване/Редакция | Създаване |
| Дата на регистрацията/редакция | 06.11.2012 |
| Служител, извършил регистрацията/редакцията | 30540 |
| Номер на служител | Севдалина Тодорова |
| 944 ## - СЪЗДАВАНЕ И РЕДАКЦИЯ на ЗАПИСА | |
| Създаване/Редакция | Редакция |
| 999 ## - СИСТЕМНИ КОНТРОЛНИ НОМЕРА | |
| Koha biblionumber | 130118 |
| Koha biblioitemnumber | 130118 |
| Код за отписване | Код за изгубен артикул | Код за повреда | Коз за рестрикции | Код за отдаване | Артикулен № | Име на библиотеката - собственик | Име на библиотеката, в която се намира в момента | Статус (Текущо местоположение) | Дата на вписване в системата | Местоположение - отдел | Цена в лева | Инвентарен номер | Систематично азбучна сигнатура | Баркод | Номер на екземпляра | Цена в евро | Служебна бележка | Служебен тип на артикула | Източник на класификационната схема |
|---|---|---|---|---|---|---|---|---|---|---|---|---|---|---|---|---|---|---|---|
| Не е изгубен | Не е повреден | без рестрикции | ползва се в читалня | 211551 | Регионална библиотека "Любен Каравелов" Русе | Регионална библиотека "Любен Каравелов" Русе | Хранилище | 2012-11-06 | Хранилище | 15.00 | 120000760882 | Цб 256983 | 120000760882 | 1 | 7.67 | Дост: Dp Вид: Д N: 35 Дата: 29.08.2011 | Книги | ||
| Не е изгубен | Не е повреден | заемане за дома | 931493 | Регионална библиотека "Любен Каравелов" Русе | Регионална библиотека "Любен Каравелов" Русе | Заемна - подръчен фонд | 2023-07-28 | Заемна - подръчен фонд | 20.00 | 120000890668 | 618/К 23 З | 120000890668 | 10.23 | Книги | Universal Decimal Classification |